MARC

LEADER 00000nam0a2200000 4500
001 185970
005 20231101223942.0
035 |a (RuTPU)RU\TPU\book\201791 
090 |a 185970 
100 |a 20101020d1967 m y0rusy50 ca 
101 0 |a rus 
102 |a RU 
105 |a a z 001zy 
200 1 |a Ремонт металлорежущих станков и кузнечно-прессового оборудования по типовым технологическим процессам  |f Г. Д. Пекелис, Б. Т. Гельберг  |g Научно-техническое общество машиностроительной промышленности 
210 |a Москва  |c Машиностроение  |d 1967 
215 |a 54 с.  |c ил. 
225 1 |a Университет технического прогресса в машиностроении 
320 |a Библиогр.: с. 55. 
610 1 |a металлорежущие станки 
610 1 |a ремонт 
610 1 |a кузнечно-прессовое оборудование 
610 1 |a технологические процессы 
610 1 |a капитальный ремонт 
610 1 |a экономическая эффективность 
610 1 |a практическое использование 
675 |a 621.941.25  |v 3 
700 1 |a Пекелис  |b Г. Д. 
701 1 |a Гельберг  |b Б. Т. 
712 0 2 |a Научно-техническое общество машиностроительной промышленности  |2 stltpush  |3 (RuTPU)RU\TPU\col\8341  |9 24512 
801 1 |a RU  |b 63413507  |c 20101020 
801 2 |a RU  |b 63413507  |c 20110120  |g RCR 
942 |c BK